header

The front-loading problem in presidential nominations (Record no. 47630)

MARC details
000 -LEADER
fixed length control field 01197nam a2200301Ia 4500
100 1# - MAIN ENTRY--AUTHOR NAME
Personal name Mayer, William G.,
245 14 - TITLE STATEMENT
Title The front-loading problem in presidential nominations
260 ## - PUBLICATION, DISTRIBUTION, ETC. (IMPRINT)
Place of publication Washington, D.C. :
Name of publisher Brookings Institution Press,
Year of publication c2004.
300 ## - PHYSICAL DESCRIPTION
Number of Pages x, 226 p.
650 #0 - SUBJECT ADDED ENTRY--TOPICAL TERM
Topical Term Primaries
Topical Term Presidents
Topical Term Caucus.
700 1# - ADDED ENTRY--PERSONAL NAME
Personal name Busch, Andrew.
856 40 - ELECTRONIC LOCATION AND ACCESS
Uniform Resource Identifier http://site.ebrary.com/lib/rucke/Doc?id=10063823

No items available.

© 2026 Rongo University
Contact us: librarian | system librarian | Rongo university